|
|
|
|
| LEADER |
00000nam a2200000Ia 4500 |
| 008 |
160517b2010 c ||||| |||| 00| | spa d |
| 020 |
|
|
|a 978-9968-787-08-6
|
| 090 |
|
|
|a 14.02.03
|b 1444 (2009)
|
| 100 |
1 |
|
|a León Zúñiga, Lilliana
|9 767
|
| 245 |
1 |
0 |
|a Mujeres que luchan por su dignidad: V concurso de mujeres: voces, imágenes y testimonios 2009 /
|c Lilliana León Zúñiga, compilación y edición
|
| 260 |
|
|
|a San José, Costa Rica :
|b Voces Nuestras,
|c 2010
|
| 300 |
|
|
|a 394 páginas
|
| 650 |
1 |
4 |
|a MUJERES
|9 55
|
| 650 |
1 |
4 |
|a BIOGRAFÍAS
|9 968
|
| 650 |
1 |
4 |
|a RELATOS PERSONALES
|9 422
|
| 942 |
|
|
|i 002293
|h 14.02.03 1444 (2009)
|2 z
|c 01
|
| 999 |
|
|
|c 631
|d 631
|